<?xml version="1.0" encoding="UTF-8"?>
<record
    xmlns:xsi="http://www.w3.org/2001/XMLSchema-instance"
    xsi:schemaLocation="http://www.loc.gov/MARC21/slim http://www.loc.gov/standards/marcxml/schema/MARC21slim.xsd"
    xmlns="http://www.loc.gov/MARC21/slim">

  <leader>00612nam a2200157   4500</leader>
  <controlfield tag="005">20250103092633.0</controlfield>
  <controlfield tag="008">250103b        |||||||| |||| 00| 0 eng d</controlfield>
  <datafield tag="040" ind1=" " ind2=" ">
    <subfield code="c">PK-LaUMT</subfield>
  </datafield>
  <datafield tag="082" ind1=" " ind2=" ">
    <subfield code="a">APC 297.4</subfield>
    <subfield code="b">ABD-M</subfield>
  </datafield>
  <datafield tag="100" ind1=" " ind2=" ">
    <subfield code="a">Abdul Rehman Umaira, Muhammad = &#x639;&#x628;&#x62F;&#x627;&#x644;&#x631;&#x62D;&#x645;&#x646; &#x639;&#x645;&#x6CC;&#x631;&#x6C1;&#x60C; &#x645;&#x62D;&#x645;&#x62F;</subfield>
    <subfield code="9">3952</subfield>
  </datafield>
  <datafield tag="245" ind1=" " ind2=" ">
    <subfield code="a">Maqamat i salook = &#x645;&#x642;&#x627;&#x645;&#x627;&#x62A; &#x633;&#x644;&#x648;&#x6A9; /</subfield>
    <subfield code="c">by Muhammad Abdul Rehman Umaira = &#x645;&#x62D;&#x645;&#x62F; &#x639;&#x628;&#x62F;&#x627;&#x644;&#x631;&#x62D;&#x645;&#x646; &#x639;&#x645;&#x6CC;&#x631;&#x6C1; ; translated by Muhammad Akram = &#x645;&#x62D;&#x645;&#x62F; &#x627;&#x6A9;&#x631;&#x645; &#x627;&#x644;&#x627;&#x632;&#x6C1;&#x631;&#x6CC;</subfield>
  </datafield>
  <datafield tag="260" ind1=" " ind2=" ">
    <subfield code="a">Lahore :</subfield>
    <subfield code="b">Zkia ul Quran Publications,</subfield>
    <subfield code="c">NA</subfield>
  </datafield>
  <datafield tag="300" ind1=" " ind2=" ">
    <subfield code="a">151 p.</subfield>
  </datafield>
  <datafield tag="546" ind1=" " ind2=" ">
    <subfield code="a">Urdu</subfield>
  </datafield>
  <datafield tag="942" ind1=" " ind2=" ">
    <subfield code="c">BK</subfield>
  </datafield>
  <datafield tag="999" ind1=" " ind2=" ">
    <subfield code="c">136467</subfield>
    <subfield code="d">136467</subfield>
  </datafield>
  <datafield tag="952" ind1=" " ind2=" ">
    <subfield code="0">0</subfield>
    <subfield code="1">0</subfield>
    <subfield code="4">0</subfield>
    <subfield code="7">0</subfield>
    <subfield code="a">01</subfield>
    <subfield code="b">01</subfield>
    <subfield code="d">2025-01-03</subfield>
    <subfield code="l">0</subfield>
    <subfield code="o">APC 297.4 ABD-M</subfield>
    <subfield code="p">148159</subfield>
    <subfield code="r">2025-01-03 09:26:54</subfield>
    <subfield code="w">2025-01-03</subfield>
    <subfield code="y">BK</subfield>
  </datafield>
</record>
